000 00543nam a2200193Ia 4500
005 20250923145336.0
008 008 250917s9999 xx 000 0 eng d
037 _aTextual
040 _aDSWL
_beng
_cDSWL
041 _aeng
_2eng
084 _aY:(X8), N69
_qDSWL
245 0 _aToward the year 2000: Work in progress
_c Ed. by Daniel Bell
260 _aBoston
_bBeacon Press
_c1967
300 _aix,400p.
365 _aINR
_b33 . 42
925 _g33 . 42
942 _cTEXL
_hY:(X8), N69
999 _c1450215
_d1450215